[Event "Tourn. n8105"]
[Site "www.chess-mail.com"]
[Date "2015.05.07"]
[Round "1"]
[White "Servant"]
[Black "T9l9"]
[WhiteElo "1640"]
[BlackElo "1499"]
[Result "0-1"]
[Round "1"]
1.d4 Ng8f6
2.c4 e6
3.Ng1f3 d5
4.cxd5 exd5
5.g3 Bf8d6
6.Bf1g2 O-O
7.O-O c6
8.Nb1c3 Qd8e7
9.Bc1g5 Nb8d7
10.Rf1e1 h6
11.Bg5xf6 Nd7xf6
12.e3 Bc8f5
13.a3 Nf6e4
14.Nc3xe4 Bf5xe4
15.b4 a5
16.Qd1b3 axb4
17.axb4 Bd6xb4
18.Re1c1 Bb4d6
19.Nf3d2 Be4xg2
20.Kxg2 Bd6a3
21.Rc1c3 Ba3b4
22.Ra1xa8 Rf8xa8
23.Rc3c2 Ra8a6
24.Nd2f3 Bb4d6
25.Rc2b2 b5
26.Rb2a2 Qe7a7
27.Ra2xa6 Qa7xa6
28.h4 h5
29.Qb3d3 g6
30.e4 dxe4
31.Qd3xe4 Qa6c8
32.Nf3g5 Qc8d7
33.Qe4d3 Bd6e5
34.Ng5f3 Be5f6
35.Qd3e4 Qd7d5
36.Qe4e8 Kg7
37.Qe8e3 b4
{ resign }
0-1

[Event "Tourn. n8191"]
[Site "www.chess-mail.com"]
[Date "2015.05.07"]
[Round "1"]
[White "Flick"]
[Black "Truquine"]
[WhiteElo "1600"]
[BlackElo "1760"]
[Result "0-1"]
[Round "1"]
1.d4 Ng8f6
2.c4 g6
3.Nb1c3 Bf8g7
4.e4 d6
5.f4 O-O
6.Ng1f3 c5
7.d5 e6
8.e5 dxe5
9.fxe5 Nf6g4
10.Bf1e2 Ng4xe5
11.Bc1f4 Ne5xf3
12.Be2xf3 exd5
13.cxd5 Rf8e8
14.Bf3e2 Bc8g4
15.O-O Bg4xe2
16.Nc3xe2 Nb8d7
17.Ra1b1 Nd7f6
18.Ne2c3 Qd8d7
19.d6 Ra8d8
20.Bf4g5 Re8e6
21.Nc3d5 Nf6xd5
22.Qd1xd5 Qd7xd6
23.Qd5xb7 Rd8b8
24.Qb7xf7 Kh8
25.Qf7xa7 c4
26.Kh1 Re6e2
27.Rf1f7 Rb8e8
28.Rf7e7 Re2xe7
29.Bg5xe7 Qd6xe7
30.g3 Qe7e4
{ resign }
0-1

[Event "Tourn. n8147"]
[Site "www.chess-mail.com"]
[Date "2015.05.07"]
[Round "1"]
[White "Pariolinius"]
[Black "Norwich"]
[WhiteElo "1880"]
[BlackElo "1610"]
[Result "1/2-1/2"]
[Round "1"]
1.d4 d5
2.c4 dxc4
3.Nb1c3 e5
4.Ng1f3 exd4
5.Nf3xd4 c6
6.a4 Bf8c5
7.e3 Bc5xd4
8.exd4 Bc8e6
9.Bf1e2 Ng8f6
10.Bc1g5 Nb8d7
11.O-O Qd8c7
12.Ra1c1 h6
13.Bg5h4 O-O
14.Bh4g3 Qc7a5
15.Bg3d6 Rf8e8
16.Rf1e1 Be6d5
17.Nc3xd5 cxd5
18.Be2f3 Re8xe1
19.Qd1xe1 Qa5xa4
20.Bd6a3 Ra8e8
21.Qe1d2 b5
22.Ba3b4 Nf6e4
23.Bf3xe4 Re8xe4
24.Bb4c3 Nd7f6
25.f3 Re4e6
26.Kf2 Qa4a6
27.Bc3b4 Qa6c8
{ draw }
1/2-1/2

[Event "Tourn. n8134"]
[Site "www.chess-mail.com"]
[Date "2015.05.07"]
[Round "1"]
[White "Easychess"]
[Black "Iko"]
[WhiteElo "1500"]
[BlackElo "1510"]
[Result "1-0"]
[Round "1"]
1.c4 e5
2.Nb1c3 Nb8c6
3.Ng1f3 Nc6a5
4.d3 d6
5.g3 Bc8g4
6.Bf1g2 Qd8e7
7.Nc3d5 Qe7d7
8.O-O Bg4xf3
9.Bg2xf3 c6
10.Nd5c3 Bf8e7
11.b4 Na5xc4
12.dxc4 d5
13.cxd5 cxd5
14.Nc3xd5 O-O-O
15.e4 Be7xb4
16.Qd1c2 Qd7c6
17.Nd5xb4 Qc6xc2
18.Nb4xc2 Rd8d3
19.Bf3g4 Kb8
20.Bc1a3 Kc7
21.Ba3b2 f6
22.Rf1d1 Rd3c3
23.Bb2xc3 Ng8h6
24.Rd1d7 Kc6
25.Bg4e6 Rh8e8
26.Nc2b4 Kb5
27.Rd7xb7 Kc5
28.Ra1d1 Re8xe6
29.Rd1d7 a5
30.Rd7d5 Kc4
31.Rb7c7 Re6c6
32.Rc7xc6 
1-0

[Event "Tourn. n8151"]
[Site "www.chess-mail.com"]
[Date "2015.05.07"]
[Round "1"]
[White "Tomasseeber"]
[Black "Roqueur"]
[WhiteElo "2190"]
[BlackElo "2600"]
[Result "0-1"]
[Round "1"]
1.Ng1f3 Ng8f6
2.h3 d5
3.e3 Bc8f5
4.Bf1e2 e6
5.O-O c5
6.d3 Nb8c6
7.b3 h6
8.Bc1b2 Bf8e7
9.Nb1d2 O-O
10.Nf3e5 Nc6xe5
11.Bb2xe5 Nf6d7
12.Be5b2 Be7f6
13.c3 Ra8c8
14.f4 Bf5h7
15.d4 Qd8c7
16.Nd2f3 Bf6e7
17.Be2d3 Bh7xd3
18.Qd1xd3 cxd4
19.Qd3xd4 Be7c5
20.Qd4d2 Qc7xf4
21.Nf3d4 Qf4d6
22.Ra1e1 Nd7f6
23.Nd4b5 Qd6g3
24.Rf1f3 Qg3g6
25.b4 Bc5xb4
26.Qd2d4 Bb4c5
27.Qd4h4 Nf6e4
{ resign }
0-1

[Event "Tourn. n8149"]
[Site "www.chess-mail.com"]
[Date "2015.05.07"]
[Round "1"]
[White "Averoes"]
[Black "Wildsmokey"]
[WhiteElo "2160"]
[BlackElo "2030"]
[Result "0-1"]
[Round "1"]
1.d4 Ng8f6
2.c4 e6
3.Ng1f3 b6
4.Nb1c3 Bc8b7
5.e3 Bf8b4
6.Bf1d3 Nf6e4
7.Qd1c2 Ne4g5
8.e4 Ng5xf3
9.gxf3 Qd8f6
10.Ke2 Nb8c6
11.Bc1e3 Nc6xd4
12.Be3xd4 Qf6xd4
13.Nc3b5 Qd4e5
14.a3 Bb4e7
15.Rh1g1 Qe5xh2
16.Rg1g3 Be7h4
17.Ra1g1 Bh4xg3
18.Rg1xg3 O-O
19.Nb5xc7 Ra8c8
20.Nc7b5 d5
21.Nb5d6 dxc4
22.Bd3xc4 Rc8c7
23.Nd6xb7 Rc7xb7
24.Bc4a6 Rb7d7
25.Qc2c3 g6
26.Ba6b5 Rd7d8
27.Qc3e5 Qh2h6
28.f4 Rd8c8
29.Bb5d3 Qh6h1
30.f5 Qh1h5
31.Kd2 Rf8d8
32.Qe5f6 exf5
33.exf5 Qh5h6
34.Ke2 Rd8e8
35.Kf3 Qh6h1
36.Kg4 Rc8c4
{ resign }
0-1

[Event "Tourn. n8056"]
[Site "www.chess-mail.com"]
[Date "2015.05.07"]
[Round "1"]
[White "Crull"]
[Black "Cardiff"]
[WhiteElo "1810"]
[BlackElo "1940"]
[Result "0-1"]
[Round "1"]
1.d4 d5
2.c4 e6
3.Ng1f3 dxc4
4.Nb1c3 a6
5.e4 b5
6.a4 b4
7.Nc3b1 Bc8b7
8.Nb1d2 Ng8f6
9.Bf1xc4 Nf6xe4
10.O-O Bf8e7
11.b3 O-O
12.Nd2xe4 Bb7xe4
13.Bc4e2 c5
14.Bc1b2 Nb8c6
15.Ra1c1 Nc6xd4
16.Nf3xd4 cxd4
17.f3 Be4b7
18.Rc1c4 e5
19.Qd1d3 Bb7d5
20.Rc4c1 Qd8b6
21.Be2d1 Be7g5
22.Rc1b1 Bg5e3
23.Kh1 a5
24.Bd1c2 g6
25.Bb2c1 Be3xc1
26.Rb1xc1 Ra8c8
27.h4 Rc8c3
28.Qd3d2 Rf8c8
29.Rf1d1 Qb6f6
30.Qd2f2 Bd5xb3
31.Rd1d2 Bb3xc2
32.Rd2xc2 Rc3xc2
33.Rc1xc2 Rc8xc2
34.Qf2xc2 Qf6xh4
35.Kg1 Qh4e1
36.Kh2 Qe1e3
37.Qc2c8 Kg7
38.Qc8c5 Qe3f4
39.Kg1 d3
40.Qc5d5 d2
41.Kf2 Qf4h4
42.Ke2 Qh4e1
{ resign }
0-1

[Event "Tourn. n8219"]
[Site "www.chess-mail.com"]
[Date "2015.05.07"]
[Round "1"]
[White "Sonivano"]
[Black "Gorgo"]
[WhiteElo "2320"]
[BlackElo "2430"]
[Result "0-1"]
[Round "1"]
1.e4 c5
2.Ng1f3 d6
3.d4 cxd4
4.Nf3xd4 Ng8f6
5.Nb1c3 a6
6.Bc1g5 e6
7.Bf1c4 b5
8.Bc4d3 Bc8b7
9.O-O Nb8d7
10.Rf1e1 h6
11.Bg5h4 g5
12.Bh4g3 h5
13.f3 h4
14.Bg3f2 Nd7e5
15.Bd3f1 g4
16.f4 g3
17.hxg3 Ne5g4
18.Bf1d3 Qd8b6
19.Bf2e3 hxg3
20.Nd4f5 Ng4xe3
21.Nf5xe3 d5
22.exd5 Bb7xd5
23.Kf1 Bf8b4
24.Qd1d2 Rh8h2
25.a3 Bb4xc3
26.bxc3 Bd5f3
27.Kg1 O-O-O
{ resign }
0-1

[Event "Tourn. n8181"]
[Site "www.chess-mail.com"]
[Date "2015.05.07"]
[Round "1"]
[White "Birdchess"]
[Black "Maxlou"]
[WhiteElo "1720"]
[BlackElo "1720"]
[Result "0-1"]
[Round "1"]
1.d4 f5
2.h3 Ng8f6
3.g4 fxg4
4.hxg4 Nf6xg4
5.Qd1d3 g6
6.Ng1f3 d5
7.Nf3g5 Bc8f5
8.Qd3b5 Nb8c6
9.Qb5xb7 Nc6xd4
{ resign }
0-1

[Event "Tourn. n8181"]
[Site "www.chess-mail.com"]
[Date "2015.05.07"]
[Round "1"]
[White "Maxlou"]
[Black "Xandersonx"]
[WhiteElo "1670"]
[BlackElo "1829"]
[Result "1-0"]
[Round "1"]
1.d4 c5
2.Ng1f3 e6
3.Bc1f4 Nb8c6
4.Nb1c3 Qd8a5
5.e4 Ng8f6
6.d5 Nc6b4
7.a3 Nb4a6
8.Nf3d2 Bf8e7
9.d6 Be7f8
10.Nd2c4 Qa5d8
11.Nc3b5 Nf6xe4
12.f3 g5
13.Bf4e5 f6
14.fxe4 fxe5
15.Qd1h5 
1-0

[Event "Tourn. n8158"]
[Site "www.chess-mail.com"]
[Date "2015.05.07"]
[Round "1"]
[White "Gandalf"]
[Black "Oliverio"]
[WhiteElo "1600"]
[BlackElo "1610"]
[Result "0-1"]
[Round "1"]
1.c4 e5
2.Nb1c3 Ng8f6
3.g3 d5
4.cxd5 Nf6xd5
5.Bf1g2 Nd5b6
6.d3 Nb8c6
7.Ng1f3 Bf8e7
8.O-O O-O
9.Bc1e3 Bc8e6
10.a3 Rf8e8
11.b4 a6
12.Nc3e4 Be6d5
13.Ne4c5 Nb6d7
 { time }
0-1

[Event "Tourn. n8121"]
[Site "www.chess-mail.com"]
[Date "2015.05.07"]
[Round "1"]
[White "Blackpool"]
[Black "Tenzinnima"]
[WhiteElo "1960"]
[BlackElo "1890"]
[Result "1-0"]
[Round "1"]
1.d4 Ng8f6
2.c4 e6
3.Nb1c3 Bf8b4
4.e3 O-O
5.Ng1e2 c5
6.a3 Bb4xc3
7.Ne2xc3 b6
8.Bf1e2 Bc8b7
9.O-O Nb8c6
10.Be2f3 d5
11.dxc5 bxc5
12.cxd5 Nc6e5
13.e4 Ne5xf3
14.Qd1xf3 exd5
15.exd5  { time }
1-0

[Event "Tourn. n8106"]
[Site "www.chess-mail.com"]
[Date "2015.05.07"]
[Round "1"]
[White "Glenno"]
[Black "Manolinex"]
[WhiteElo "2360"]
[BlackElo "2730"]
[Result "0-1"]
[Round "1"]
1.e4 c5
2.Ng1f3 d6
3.d4 cxd4
4.Nf3xd4 Ng8f6
5.Nb1c3 a6
6.Bc1g5 e6
7.f4 Qd8b6
8.Qd1d2 Qb6xb2
9.Ra1b1 Qb2a3
10.e5 dxe5
11.fxe5 h6
12.Bg5h4 Nf6d7
13.Nc3e4 Qa3xa2
14.Rb1d1 Qa2d5
15.Qd2e3 Qd5xe5
16.Bf1e2 Bf8c5
17.Bh4g3 Qe5d5
18.c4 Bc5xd4
19.Rd1xd4 Qd5a5
20.Rd4d2 O-O
21.Bg3d6 Nb8c6
22.O-O Rf8e8
23.Qe3g3 f5
24.Qg3g6 Qa5d8
25.Bd6c7 Qd8e7
26.Be2h5 Re8f8
27.Bc7d6 Qe7f7
28.Qg6xf7 Rf8xf7
29.Bh5xf7 Kxf7
30.Bd6a3 Nd7f6
31.Ne4d6 Kg6
32.Rf1e1 e5
33.c5 e4
34.Re1b1 e3
35.Rd2d1 a5
36.Rd1e1 f4
37.Nd6xb7 Bc8f5
38.Rb1d1 Nf6e4
39.Rd1d5 Ra8b8
40.Nb7d6 Bf5e6
41.Rd5d3 Nc6e5
42.Rd3d4 Ne4d2
43.Re1d1 Ne5f3
44.gxf3 Nd2xf3
45.Kg2 Nf3xd4
46.Rd1xd4 Rb8b1
47.Kf3 Rb1f1
48.Ke2 Rf1f2
49.Kd1 Be6g4
50.Ke1 Rf2e2
51.Kf1 Re2xh2
52.Kg1 e2
53.Rd4e4 f3
54.Kxh2 f2
55.Re4xg4 Kh5
56.Rg4xg7 f1Q
57.Rg7f7 Kg4
58.Rf7g7 Kh4
59.Ba3b4 axb4
60.Nd6f5 Qf1xf5
61.Rg7e7 Qf5f2
{ resign }
0-1

[Event "Tourn. n8137"]
[Site "www.chess-mail.com"]
[Date "2015.05.07"]
[Round "1"]
[White "Imkrebsgang"]
[Black "Anja"]
[WhiteElo "1850"]
[BlackElo "1690"]
[Result "0-1"]
[Round "1"]
1.d4 f5
2.Ng1f3 Ng8f6
3.b3 g6
4.Bc1b2 Bf8g7
5.e3 O-O
6.Bf1c4 Kh8
7.Nf3e5 Qd8e8
8.Nb1a3 c6
9.Qd1f3 d5
10.Bc4d3 Nb8d7
11.c4 dxc4
12.bxc4 Nd7xe5
13.dxe5 Nf6d7
14.Na3c2 Nd7xe5
15.Bb2xe5 Bg7xe5
16.Ra1d1 Be5c3
17.Kf1 e5
18.Qf3g3 Bc8e6
19.f3 e4
20.Bd3e2 Qe8f7
21.Nc2a3 Bc3b2
22.Na3c2 Be6xc4
23.Nc2d4 Bc4xe2
24.Nd4xe2 Qf7xa2
25.Rd1d7 Qa2b1
26.Kf2 Qb1xh1
27.Qg3h4 Bb2g7
28.Ne2f4 Rf8f6
29.Rd7xb7 a5
30.Nf4e2 Qh1d1
31.Qh4f4 exf3
32.gxf3 Rf6d6
33.Ne2d4 Bg7xd4
34.Qf4xd6 Bd4xe3
35.Kxe3 Qd1xd6
36.Kf2 a4
37.Rb7b2 Qd6d4
38.Ke1 Qd4xb2
39.Kd1 a3
40.h3 a2
41.f4 a1Q

0-1

[Event "Tourn. n8169"]
[Site "www.chess-mail.com"]
[Date "2015.05.07"]
[Round "1"]
[White "Kermet"]
[Black "Jesmantiz"]
[WhiteElo "2510"]
[BlackElo "2240"]
[Result "1-0"]
[Round "1"]
1.c4 f5
2.b3 e5
3.Bc1b2 d6
4.g3 Ng8f6
5.Bf1g2 c5
6.Nb1c3 Nb8c6
7.e3 Nc6b4
8.d3 Bf8e7
9.a3 Nb4a6
10.Ng1e2 Na6c7
11.O-O O-O
12.b4 d5
13.Nc3xd5 Nc7xd5
14.cxd5 cxb4
15.Bb2xe5 bxa3
16.Qd1b3 Be7d6
17.Be5xd6 Qd8xd6
18.Qb3xa3 Qd6d8
19.Ne2f4 Rf8f7
20.Rf1c1 g5
21.Nf4e6 Bc8xe6
22.dxe6 Rf7e7
23.Qa3a5 Qd8xd3
24.Rc1d1 Qd3c2
25.Ra1c1 Qc2b3
26.Rd1d8 Ra8xd8
27.Qa5xd8 Re7e8
28.Qd8xf6  { time }
1-0

[Event "Tourn. n8086"]
[Site "www.chess-mail.com"]
[Date "2015.05.07"]
[Round "1"]
[White "Gandalf"]
[Black "Passaroa25"]
[WhiteElo "1480"]
[BlackElo "1510"]
[Result "0-1"]
[Round "1"]
1.Ng1f3 d6
2.d4 Nb8d7
3.e4 Nd7b6
4.c4 f6
5.Nb1c3 Bc8e6
6.d5 Be6f7
7.Bf1e2 Nb6d7
8.O-O e5
9.b4 a6
10.a4 Ng8e7
11.Bc1b2 Ne7g6
12.Rf1e1 Ng6f4
13.Be2f1 Bf7h5
14.Bf1e2 Bh5f7
15.Be2f1 Bf8e7
16.Nc3e2 Nf4xe2
17.Bf1xe2 O-O
18.Ra1c1 b6
19.Bb2c3 Bf7g6
20.Be2d3 Bg6f7
21.Bc3d2 a5
22.bxa5 bxa5
23.Rc1b1 Nd7b6
24.Bd2e3 Qd8b8
25.Qd1b3 Be7d8
26.Qb3c2 Qb8c8
27.c5 Nb6d7
28.Re1c1 Bd8e7
29.c6 Nd7c5
30.Be3xc5 dxc5
31.Rb1b7 Be7d6
32.Rc1b1 Qc8g4
33.h3 Qg4g6
34.Kf1 Rf8b8
35.Rb7xb8 Ra8xb8
 { time }
0-1

[Event "Tourn. n8170"]
[Site "www.chess-mail.com"]
[Date "2015.05.07"]
[Round "1"]
[White "Yangqi"]
[Black "Tomasseeber"]
[WhiteElo "2120"]
[BlackElo "2170"]
[Result "1-0"]
[Round "1"]
1.e4 d5
2.exd5 Ng8f6
3.Ng1f3 Nf6xd5
4.d4 Bc8g4
5.h3 Bg4h5
6.c4 Nd5f6
7.Bf1e2 e6
8.O-O Bf8e7
9.Nb1c3 O-O
10.Bc1e3 c6
11.Qd1d2 Nb8a6
12.a3 Na6c7
13.Ra1d1 a5
14.Rf1e1 Rf8e8
15.Nf3e5 Bh5xe2
16.Qd2xe2 h6
17.Qe2f3 Re8f8
18.Kh1 Ra8a6
19.g4 Nf6h7
20.Re1g1 Nh7g5
21.Qf3g2 Ng5h7
22.f4 g5
23.h4 Kg7
24.Qg2h2 b5
25.hxg5 hxg5
26.Kg2 Rf8h8
27.Rg1h1 bxc4
28.Qh2h6 Kg8
29.fxg5 Be7xg5
30.Qh6h5 { resign }
1-0

[Event "Match"]
[Site "www.echecsemail.com"]
[Date "2015.05.07"]
[Round "1"]
[White "Razorboy"]
[Black "Gimmyg"]
[WhiteElo "1890"]
[BlackElo "2240"]
[Result "1/2-1/2"]
[Round "1"]
1.e4 Nb8c6
2.Bf1b5 a6
3.Bb5xc6 bxc6
4.d3 d5
5.exd5 cxd5
6.d4 e6
7.Ng1f3 c5
8.dxc5 Bf8xc5
9.Nb1c3 Ng8f6
10.Bc1g5 O-O
11.Bg5xf6 Qd8xf6
{ draw }
1/2-1/2

[Event "Match"]
[Site "www.echecsemail.com"]
[Date "2015.05.07"]
[Round "1"]
[White "F14"]
[Black "Darknight"]
[WhiteElo "1870"]
[BlackElo "1750"]
[Result "1-0"]
[Round "1"]
1.e4 e5
2.Ng1f3 d6
3.Bf1c4 h6
4.O-O Bc8g4
5.h3 h5
6.d4 exd4
7.c3 dxc3
8.Nb1xc3 c6
9.Qd1d3 Nb8d7
10.Bc1g5 Bf8e7
11.Bg5f4 Bg4xf3
12.Qd3xf3 g5
13.Bf4e3 Nd7e5
14.Qf3e2 h4
15.f4 Ne5xc4
16.Qe2xc4 g4
17.hxg4 Qd8d7
18.Ra1d1 Qd7xg4
19.Qc4e2 Qg4g7
20.f5 f6
21.Be3f4 O-O-O
22.Rd1c1 Ng8h6
23.Nc3d5 Kb8
24.Nd5xe7 Qg7xe7
25.Rc1c3 Qe7g7
26.Rc3b3 Rd8e8
27.Bf4xd6 Ka8
28.Rb3a3 Nh6f7
29.Qe2f2 a6
30.Bd6f4 Nf7e5
31.Bf4xe5 Re8xe5
32.Ra3h3 Re5xe4
33.Rf1e1 Re4xe1
34.Qf2xe1 Qg7g4
35.Qe1f2 Rh8h5
36.Qf2e1 Rh5h8
37.Qe1f2 c5
38.Qf2xc5 Rh8g8
39.Qc5d5 Rg8g5
40.Qd5f3 Qg4xf3
41.Rh3xf3 Ka7
42.a4 Rg5g3
43.Kh2 Rg3xf3
44.gxf3 Kb6
45.Kh3 Kc6
46.Kxh4 Kd5
47.Kh5 Kd6
48.Kg6 Ke7
49.b4 b6
50.f4 b5
51.axb5 axb5
52.Kg7 Kd6
53.Kxf6 Kd5
54.Ke7 Kc4
55.f6 Kxb4
56.f7 Ka4
57.f8Q b4
58.Qf8a8 Kb3
59.f5 Kb2
60.f6 b3
61.f7 Kb1
62.f8Q b2
63.Qf8f1 Kc2
64.Qa8c6 Kb3
65.Qf1c4 { resign }
1-0

[Event "Match"]
[Site "www.echecsemail.com"]
[Date "2015.05.07"]
[Round "1"]
[White "Drharislacan"]
[Black "Dorulristea"]
[WhiteElo "1699"]
[BlackElo "2860"]
[Result "0-1"]
[Round "1"]
1.e4 c5
2.Ng1f3 d6
3.d4 cxd4
4.Nf3xd4 Ng8f6
5.Nb1c3 a6
6.Bc1e3 e5
7.Nd4b3 Bf8e7
8.f3 Bc8e6
9.Qd1d2 O-O
10.O-O-O Nb8d7
11.g4 b5
12.g5 b4
13.Nc3e2 Nf6e8
14.f4 a5
15.f5 a4
16.Nb3d4 exd4
17.g6 dxe3
18.Qd2e1 Be6xa2
19.c3 a3
20.Ne2f4 axb2
21.Kc2 b3
22.Kd3 Nd7e5
23.Ke2 Be7h4
24.h3 Bh4xe1
25.Kxe1 Qd8h4
26.Ke2 Qh4f2

0-1

[Event "Match"]
[Site "www.echecsemail.com"]
[Date "2015.05.07"]
[Round "1"]
[White "Luzhin"]
[Black "Jaguar91"]
[WhiteElo "2210"]
[BlackElo "2080"]
[Result "1-0"]
[Round "1"]
1.e4 c5
2.Ng1f3 d6
3.Bf1c4 Ng8f6
4.c3 Nf6xe4
5.Qd1a4 Nb8d7
6.Bc4xf7 Kxf7
7.Qa4xe4 Nd7f6
8.Qe4c4 Ke8
9.O-O a6
10.Rf1e1 b5
11.Qc4e2 h6
12.d4 Bc8b7
13.dxc5 dxc5
14.Nb1d2 Qd8c7
15.Nf3e5 Nf6d5
16.Qe2h5 Kd8
17.Ne5f7 Kc8
18.Nf7xh8 Nd5f4
19.Qh5f5 Kb8
20.Qf5xf8 Ka7
21.Qf8xg7 Qc7c6
22.Re1xe7 Ra8xh8
23.Nd2f3 Nf4xg2
24.Qg7xh8 Qc6xf3
25.Re7xb7 Qf3xb7
26.Qh8f8 Ng2h4
27.Qf8xc5 Ka8
28.Qc5f8 Qb7b8
29.Qf8xb8 { resign }
1-0

[Event "Match"]
[Site "www.echecsemail.com"]
[Date "2015.05.07"]
[Round "1"]
[White "Norbos"]
[Black "Bira47"]
[WhiteElo "1620"]
[BlackElo "1499"]
[Result "0-1"]
[Round "1"]
1.e4 c5
2.d3 e6
3.Ng1f3 h6
4.Nb1c3 a6
5.Bc1f4 Nb8c6
6.Bf1e2 b5
7.O-O Bf8e7
8.Bf4e5 Nc6xe5
9.b3 Ne5xf3
10.Be2xf3 Bc8b7
11.g3 Qd8c7
12.Bf3g4 Ng8f6
13.Qd1f3 Nf6xg4
14.Qf3xg4 Be7f6
15.Nc3xb5 axb5
16.Ra1e1 O-O
17.c4 bxc4
18.dxc4 Bf6d4
19.h4 f5
20.exf5 Rf8xf5
21.Re1e2 Bb7f3
{ resign }
0-1

[Event "Match"]
[Site "www.echecsemail.com"]
[Date "2015.05.07"]
[Round "1"]
[White "Ketchuplover"]
[Black "Scur"]
[WhiteElo "1940"]
[BlackElo "1729"]
[Result "0-1"]
[Round "1"]
1.c4 c5
2.Nb1c3 Nb8c6
3.g3 g6
4.Bf1g2 Bf8g7
5.Ng1f3 e6
6.O-O Ng8e7
7.e3 O-O
8.d4 d5
9.dxc5 Bg7xc3
10.bxc3 dxc4
11.Nf3d4 Nc6e5
12.Bg2e4 Qd8a5
13.a4 Rf8e8
14.f4 Ne5c6
15.Bc1a3 Qa5xc3
16.Be4xc6 Qc3xe3
17.Kg2 Ne7xc6
18.Nd4xc6 Qe3e4
19.Qd1f3 Qe4xc6
20.Qf3xc6 bxc6
21.Rf1d1 e5
22.Ra1a2 Bc8f5
23.Kf3 e4
24.Ke3 Ra8b8
25.Ra2b2 Rb8xb2
26.Ba3xb2 Re8b8
27.Bb2c3 Kf8
28.Bc3f6 Rb8e8
29.Rd1d8 Re8xd8
30.Bf6xd8 c3
31.Bd8a5 c2
32.Kd2 e3
33.Kc1 Ke7
{ resign }
0-1

[Event "Match"]
[Site "www.echecsemail.com"]
[Date "2015.05.07"]
[Round "1"]
[White "Oxycontin"]
[Black "Drdoom"]
[WhiteElo "2100"]
[BlackElo "1720"]
[Result "0-1"]
[Round "1"]
1.b3 d5
2.Bc1b2 e6
3.d4 Bf8d6
4.Ng1f3 Qd8e7
5.Nb1d2 Bd6a3
6.Qd1c1 Ba3xb2
7.Qc1xb2 Ng8f6
8.e3 O-O
9.Bf1d3 b6
10.e4 Bc8b7
11.O-O dxe4
{ resign }
0-1

[Event "Match"]
[Site "www.echecsemail.com"]
[Date "2015.05.07"]
[Round "1"]
[White "Ztornad"]
[Black "Orkman"]
[WhiteElo "1740"]
[BlackElo "2170"]
[Result "0-1"]
[Round "1"]
1.Nb1c3 e5
2.e4 Ng8f6
3.Nc3d5 Nf6xd5
4.exd5 Bf8c5
5.Qd1f3 O-O
6.Bf1c4 d6
7.Ng1e2 Nb8d7
8.O-O Nd7f6
9.h3 Bc8d7
10.a3 c6
11.dxc6 Bd7xc6
12.Qf3g3 Qd8c7
13.d3 Nf6h5
14.Qg3g5 g6
15.b4 Bc5b6
16.Bc1b2 Qc7d8
17.Qg5g4 d5
18.Bc4b3 d4
19.g3 Bc6d5
20.Bb3a2 Bd5xa2
21.Ra1xa2 f5
22.Qg4f3 Qd8c7
23.c4 dxc3
24.Ne2xc3 e4
25.dxe4 fxe4
26.Qf3xe4 Qc7f7
27.Bb2c1 Nh5xg3
28.Qe4g2 Ng3xf1
29.Qg2xf1 Ra8c8
30.Ra2c2 Rc8xc3
31.Rc2xc3 Bb6xf2
32.Kh1 Qf7d5
33.Qf1g2 Qd5d1
34.Kh2 Qd1d6
35.Kh1 Qd6e5
36.Bc1e3 Bf2xe3
37.Qg2a2 Kg7
38.Rc3c2 Rf8f1
39.Kg2 Rf1g1
40.Kf3 Rg1g3
41.Ke2 Be3d4
42.Kd2 Qe5e3
43.Kd1 Rg3g1

0-1

[Event "Match"]
[Site "www.echecsemail.com"]
[Date "2015.05.07"]
[Round "1"]
[White "Eman85"]
[Black "Irene"]
[WhiteElo "2190"]
[BlackElo "2010"]
[Result "1-0"]
[Round "1"]
1.e4 e5
2.d4 exd4
3.Ng1f3 c5
4.c3 dxc3
5.Nb1xc3 g6
6.Bf1c4 a6
7.Nf3e5 Ng8h6
8.Bc1xh6 Bf8xh6
9.Qd1d6 Rh8f8
10.Nc3d5 Qd8a5
11.Kf1 Bh6g5
12.h4 Bg5d8
13.Ne5xg6 fxg6
14.Qd6e5 Kf7
15.Nd5c7 d5
16.Bc4xd5 Bc8e6
17.Bd5xe6 Ke7
18.Nc7d5 Ke8
19.Be6g8 Kd7
20.Qe5e6 { resign }
1-0

[Event "Match"]
[Site "www.echecsemail.com"]
[Date "2015.05.07"]
[Round "1"]
[White "Raulazo"]
[Black "Udo40"]
[WhiteElo "1589"]
[BlackElo "1680"]
[Result "1-0"]
[Round "1"]
1.e4 e5
2.Ng1f3 Nb8c6
3.Bf1c4 Ng8f6
4.Nf3g5 d5
5.exd5 Nc6a5
6.d3 Nf6xd5
7.Ng5xf7 Kxf7
8.Qd1f3 Ke7
9.Bc4xd5 h6
10.Qf3f7 Kd6
11.Nb1c3 Qd8e7
12.Qf7f3 c6
13.Bd5e4 Bc8e6
14.Bc1e3 b6
15.b4 Na5b7
16.Be4xc6 Ra8b8
17.Nc3b5 
1-0

[Event "Match"]
[Site "www.echecsemail.com"]
[Date "2015.05.07"]
[Round "1"]
[White "Vinvangogh"]
[Black "Guidom"]
[WhiteElo "1540"]
[BlackElo "2060"]
[Result "0-1"]
[Round "1"]
1.e4 e5
2.Ng1f3 Nb8c6
3.d4 exd4
4.Nf3xd4 Nc6xd4
5.Qd1xd4 Qd8f6
6.Qd4xf6 Ng8xf6
7.Nb1c3 Bf8b4
8.Bc1d2 O-O
9.Nc3d5 Bb4xd2
10.Kxd2 Nf6xe4
11.Ke2 c6
12.Nd5e7 Kh8
13.Ra1d1 d5
14.c4 Rf8e8
15.cxd5 Re8xe7
16.Kf3 Bc8g4
17.Kxg4 Ne4xf2
18.Kf3 Nf2xd1
19.Bf1d3 Re7e3
20.Kf4 Re3xd3
21.Rh1e1 Rd3xd5
22.g4 g5
23.Ke4 Ra8e8
24.Kf3 Re8xe1
25.a4 Rd5d3
26.Kg2 Rd3d2
27.Kf3 Re1e3
{ resign }
0-1

[Event "Match"]
[Site "www.echecsemail.com"]
[Date "2015.05.07"]
[Round "1"]
[White "Redabond"]
[Black "Acucar1"]
[WhiteElo "1499"]
[BlackElo "1400"]
[Result "1-0"]
[Round "1"]
1.e4 e5
2.Ng1f3 Nb8c6
3.Bf1c4 Ng8f6
4.Nb1c3 Nc6d4
5.O-O c6
6.Nf3xe5 d6
7.Ne5xf7 Nd4e2
8.Qd1xe2 Qd8e7
9.Nf7xh8 Bc8d7
10.Nh8f7 b5
11.Bc4b3 d5
12.Nf7g5 Qe7d6
13.exd5 Bf8e7
14.dxc6 Bd7c8
15.Nc3xb5 { resign }
1-0

[Event "Match"]
[Site "www.echecsemail.com"]
[Date "2015.05.07"]
[Round "1"]
[White "Rasko90"]
[Black "Chapi"]
[WhiteElo "1809"]
[BlackElo "2030"]
[Result "0-1"]
[Round "1"]
1.d4 d5
2.c4 c6
3.Ng1f3 Bc8g4
4.Nf3e5 Ng8f6
5.Ne5xg4 Nf6xg4
6.e4 Ng4f6
7.e5 Nf6d7
8.cxd5 cxd5
9.Qd1b3 Nd7b6
10.Nb1c3 e6
11.Bf1b5 Nb8c6
12.O-O Bf8e7
13.Bc1e3 O-O
14.Ra1c1 a6
15.Bb5d3 f5
16.f4 Rf8f7
17.Nc3e2 Ra8c8
18.Rf1f2 h6
 { time }
0-1

[Event "1/16 Finale"]
[Site "www.chess-mail.com"]
[Date "2015.05.07"]
[Round "1"]
[White "Ostapbender"]
[Black "Ingauno64"]
[WhiteElo "2660"]
[BlackElo "2710"]
[Result "1-0"]
[Round "1"]
1.Ng1f3 e6
2.g3 Ng8f6
3.Bf1g2 c5
4.c4 Nb8c6
5.O-O d5
6.cxd5 Nf6xd5
7.d4 Bf8e7
8.dxc5 Be7xc5
9.a3 O-O
10.Qd1c2 Bc5b6
11.Rf1d1 Bc8d7
12.Nb1c3 Nd5xc3
13.bxc3 Qd8e7
14.Bc1f4 Rf8d8
15.Nf3g5 f5
16.Ng5f3 Bd7e8
17.Rd1xd8 Nc6xd8
18.a4 Be8c6
19.a5 Bb6c5
20.Qc2b3 Bc6d5
21.c4 Bd5e4
22.Nf3e5 Be4xg2
23.Kxg2 Nd8f7
24.a6 b6
25.Ra1d1 Nf7d6
26.Ne5d3 Nd6e4
27.f3 Ne4f6
28.Nd3e5 Ra8c8
29.Qb3b5 h6
30.Ne5c6 { resign }
1-0

[Event "1/16 Finale"]
[Site "www.chess-mail.com"]
[Date "2015.05.07"]
[Round "1"]
[White "E4player"]
[Black "Asoka"]
[WhiteElo "2560"]
[BlackElo "2620"]
[Result "1/2-1/2"]
[Round "1"]
1.e4 e5
2.Ng1f3 Nb8c6
3.Bf1c4 Ng8f6
4.d4 exd4
5.O-O Nf6xe4
6.Rf1e1 d5
7.Bc4xd5 Qd8xd5
8.Nb1c3 Qd5h5
9.Nc3xe4 Bf8e7
10.Bc1g5 Bc8g4
11.Bg5xe7 Bg4xf3
12.gxf3 Nc6xe7
13.Qd1e2 Kf8
14.Ne4g3 Qh5g5
15.f4 Qg5f6
16.Qe2b5 Qf6b6
17.Qb5g5 Ra8e8
18.Re1e4 h6
19.Qg5h5 Re8d8
20.Ra1e1 Ne7c6
21.Qh5e2 g6
22.f5 d3
23.Re4e8 Kg7
24.Ng3h5 gxh5
25.f6 Kxf6
26.Qe2f3 Kg7
27.Qf3g2 Kh7
{ draw }
1/2-1/2

[Event "Eq:Angels of Checkmate-CONFOEDERATIONIS HELVETICAE : "]
[Site "www.chess-mail.com"]
[Date "2015.05.07"]
[Round "1"]
[White "Neverless"]
[Black "Conde7"]
[WhiteElo "2660"]
[BlackElo "2760"]
[Result "0-1"]
[Round "1"]
1.e4 c6
2.d4 d5
3.Nb1c3 dxe4
4.Nc3xe4 Bc8f5
5.Ne4g3 Bf5g6
6.h4 h6
7.Ng1f3 Nb8d7
8.h5 Bg6h7
9.Bf1d3 Bh7xd3
10.Qd1xd3 e6
11.Bc1f4 Qd8a5
12.Bf4d2 Bf8b4
13.c3 Bb4e7
14.c4 Qa5b6
15.O-O Ng8f6
16.Rf1e1 O-O
17.Bd2f4 Rf8d8
18.Qd3c2 Rd8e8
19.Ra1d1 c5
20.Nf3e5 cxd4
21.Ne5xf7 Kxf7
22.Qc2g6 Kg8
23.Bf4xh6 Be7f8
24.Bh6xg7 Bf8xg7
25.h6 Re8e7
26.Ng3f5 Re7f7
27.Re1xe6 Nd7f8
28.Qg6xg7 Rf7xg7
29.Re6xb6 axb6
30.Nf5xg7 Nf6g4
31.Rd1xd4 Ng4xh6
32.Ng7h5 Ra8xa2
33.b4 Ra2b2
34.b5 Nf8e6
35.Rd4d6 Nh6g4
36.Nh5f6 Ng4xf6
37.Rd6xe6 Nf6d7
38.Re6d6 Nd7c5
39.Rd6xb6 Rb2c2
40.Rb6g6 Kf7
41.Rg6g4 Nc5b3
42.b6 Kf6
43.Rg4h4 Ke5
44.Rh4h5 Kd6
45.Rh5h7 Kc6
46.Rh7h6 Kc5
47.g4 Rc2xc4
48.f3 Nb3d4
49.Kf2 Rc4b4
50.Rh6h5 Kxb6
51.g5 Rb4b3
52.Rh5h3 Nd4f5
53.g6 Rb3b2
54.Kg1 Rb2c2
55.Rh3h5 Rc2c5
56.Rh5g5 Nf5g7
57.Rg5g4 Kc6
58.Kf2 Kd6
59.Rg4e4 Rc5g5
60.Re4d4 Ke6
61.Rd4d8 Ng7f5
62.Rd8e8 Kf6
63.Re8b8 Nf5d6
64.Rb8d8 Rg5d5
65.Rd8h8 Kxg6
66.Ke3 b5
67.Rh8h1 Kf5
68.Rh1h4 Nd6c4
69.Kf2 Ke5
70.Ke2 Rd5d2
71.Ke1 Rd2b2
72.Kd1 Kd5
73.Kc1 Rb2f2
74.f4 Rf2f3
75.Kd1 b4
76.Ke2 Rf3e3
77.Kf2 b3
{ resign }
0-1